Riconosci il Pokémon - Quiz n°39 - Statistics

Statistiche generali
  • Questo quiz è stato fatto 13 volte
  • Il punteggio medio è 9 su 10
Statistiche sulle risposte
Indizio Risposta % Corretto
Generazione Quinta
100%
Altezza 1,3 m
91%
Peso 24,2 kg
91%
Sesso 50% ♂, 50% ♀
91%
Tipo Acqua / Volante
91%
Stadio evoluzione Prima evoluzione
91%
Abilità Sguardofermo; Pettinfuori; Idratazione
91%
Tasso di cattura 45 (11.9%)
82%
Tasso di allevamento Medio-Veloce
82%
Pokémon Swanna
82%
Nessun quiz corrispondente trovato
Distribuzione punteggi
Percentuale di utenti per punteggio
Percentile per numero di risposta
I tuoi punteggi nel tempo
Non hai fatto questo quiz